| 000 | 00610nam a22001457a 4500 | ||
|---|---|---|---|
| 020 | _a978-1-905654-60-4 | ||
| 082 |
_a823 _bMEY/N |
||
| 100 | _aMEYER,STEPHENIE | ||
| 245 | _aNEW MON | ||
| 260 |
_aLONDON _bATOM BOOKS |
||
| 300 | _a497 | ||
| 520 | _aWhen Edward leaves Bella after his brother attacks her, she is left heartbroken and depressed for months until Jacob Black becomes her best friend. However, her life twists once more when Jacob's nature reveals itself and Edward's sister decides to visit. According to Meyer, the book is about losing true love. | ||
| 650 |
_aENGLISH NOVEL _zLONDON |
||
| 942 | _cBK | ||
| 999 |
_c3240 _d3240 |
||